000 00657nam a2200217 a 4500
005 20250621063843.0
008 011017s2001 ea r 000 0 eng d
020 _a0792368150
035 _aUPN01000113214
049 _aCG
050 4 _aLC5215
_bI5.7
245 0 0 _aInternational handbook of lifelong learning /
_ced. David Aspin.
260 _aDordrecht, Hol. :
_bKluwer Academic,
_c2001.
300 _a2 v.
440 0 _aKluwer international handbooks of education ;
_v6
650 4 _aEducación permanente
_97280
650 4 _aEducación de adultos
_9956
650 2 _aAprendizaje de adultos
_97608
700 1 _aAspin, David,
_eed.
905 _aLibro
999 _c87122
_d87122